[Event "GER Seniors Derby 16th"]
[Site "Wesel Undeloh"]
[Date "2017.03.16"]
[Round "1"]
[White "Pohlmann, Friedhelm"]
[Black "Florian, Juergen1111"]
[Result "1-0"]
[WhiteElo "1779"]
[BlackElo "1481"]
[PlyCount "77"]
[EventDate "2017.03.16"]
[EventType "swiss"]
[EventRounds "7"]
[EventCountry "GER"]
[SourceTitle "EXT 2019"]
[Source "ChessBase"]
[SourceDate "2018.10.10"]
[SourceVersion "1"]
[SourceVersionDate "2018.10.10"]
[SourceQuality "1"]

1. d4 e6 2. c4 Nf6 3. Nc3 Bb4 4. Qc2 0-0 5. Nf3 d5 6. a3 Bxc3+ 7. Qxc3 Nc6 8. e3 Ne4 9. Qc2 h6 10. Bd3 Nf6 11. 0-0 b6 12. b4 Bb7 13. Bb2 dxc4 14. Bxc4 Ne7 15. Ne5 Nd7 16. Nd3 Nf6 17. Rac1 Ned5 18. Rfe1 Qd6 19. Bxd5 Nxd5 20. e4 Ne7 21. Qxc7 Qxc7 22. Rxc7 Ba6 23. Ne5 Rfe8 24. Rec1 f6 25. Nc4 Rac8 26. Nd6 Rxc7 27. Rxc7 Rd8 28. e5 fxe5 29. dxe5 Nc8 30. h3 Nxd6 31. exd6 Rxd6 32. Rxg7+ Kf8 33. Rxa7 Rd1+ 34. Kh2 Bf1 35. Bg7+ Ke8 36. Bxh6 Ra1 37. a4 Ra2 38. Be3 Bc4 39. Bxb6 1-0